| 000 | 01080cam a22003377a 4500 | ||
|---|---|---|---|
| 003 | CHAP | ||
| 005 | 20220329142338.0 | ||
| 008 | 000828d1999 nz a r 00110 eng d | ||
| 010 | _a82096 | ||
| 011 | _a83068 | ||
| 022 | _a1177-7837 | ||
| 035 | _a93576 | ||
| 040 | _cCHAP | ||
| 090 | _aFolleto 16032 | ||
| 110 | 2 |
_aForest Research.Rotorua, N.Z. _942335 |
|
| 245 | 1 | 0 |
_aAnnual report 1999 _c/by Forest Research |
| 260 |
_aRotorua, Nueva Zelanda : _bForest Research, _c1999 |
||
| 300 |
_a67 p. : _bilus. ; tablas |
||
| 590 |
_aBATCH-UPD _b10 _c20130110 _lUCH01 _h1328 |
||
| 590 |
_aBATCH-UPD _b10 _c20130410 _lUCH01 _h0834 |
||
| 590 |
_aBATCH-UPD _b10 _c20130914 _lUCH01 _h0721 |
||
| 590 |
_aBATCH-UPD _b10 _c20130914 _lUCH01 _h2151 |
||
| 590 |
_aCONVERSION _b10 _c20130109 _lUCH01 _h1346 |
||
| 650 | 1 | 4 |
_aBosques _xAspectos económicos. _914058 |
| 650 | 1 | 4 |
_aBosques _xInvestigación _xNueva Zelanda. _914304 |
| 650 | 1 | 4 |
_aBosques _xNueva Zelanda. _914351 |
| 901 | _aBK | ||
| 905 | _aMarco A. Mendoza T. | ||
| 942 | _cFOLL | ||
| 949 |
_aFolleto 16032 _bBC _cFOLL _d935761 _eTS1 _i93576 _st |
||
| 999 |
_c82096 _d82096 |
||